|
|
|
|
| LEADER |
02485nam a22004815i 4500 |
| 001 |
978-3-319-54033-7 |
| 003 |
DE-He213 |
| 005 |
20170504052517.0 |
| 007 |
cr nn 008mamaa |
| 008 |
170504s2017 gw | s |||| 0|eng d |
| 020 |
|
|
|a 9783319540337
|9 978-3-319-54033-7
|
| 024 |
7 |
|
|a 10.1007/978-3-319-54033-7
|2 doi
|
| 040 |
|
|
|d GrThAP
|
| 050 |
|
4 |
|a QR46
|
| 072 |
|
7 |
|a MMFM
|2 bicssc
|
| 072 |
|
7 |
|a MED052000
|2 bisacsh
|
| 082 |
0 |
4 |
|a 616.9041
|2 23
|
| 245 |
1 |
0 |
|a Viral Infections in Children, Volume I
|h [electronic resource] /
|c edited by Robin J. Green.
|
| 264 |
|
1 |
|a Cham :
|b Springer International Publishing :
|b Imprint: Springer,
|c 2017.
|
| 300 |
|
|
|a IX, 220 p. 17 illus., 10 illus. in color.
|b online resource.
|
| 336 |
|
|
|a text
|b txt
|2 rdacontent
|
| 337 |
|
|
|a computer
|b c
|2 rdamedia
|
| 338 |
|
|
|a online resource
|b cr
|2 rdacarrier
|
| 347 |
|
|
|a text file
|b PDF
|2 rda
|
| 505 |
0 |
|
|a Congenital Viral Infections -- Influenza -- HIV Infection in Children and Adolescents -- Tuberculosis and Other Opportunistic Infections in HIV-Infected Children -- Emerging Zoonotic and Vector-Borne Viral Diseases -- Diagnosis of Viral Infections -- The Microbiome in Healthy Children -- Viral-Bacterial Interactions in Childhood Respiratory Tract Infections.
|
| 520 |
|
|
|a The purpose of this book is to provide a synthesis of the ever evolving field of pediatric viral infections. The most common and exotic pediatric viral infections are fully reviewed in this first one of a two volume set. All contributions are written by recognized experts in the field. The publication will appeal to medical microbiologists, practitioners, medical students and other health care providers with a pediatric interest. The known literature on viral infections in children is summarized and discussed in the light of changes in thinking as a result of novel and new evidence.
|
| 650 |
|
0 |
|a Medicine.
|
| 650 |
|
0 |
|a Medical microbiology.
|
| 650 |
|
0 |
|a Virology.
|
| 650 |
|
0 |
|a Infectious diseases.
|
| 650 |
|
0 |
|a Pediatrics.
|
| 650 |
1 |
4 |
|a Biomedicine.
|
| 650 |
2 |
4 |
|a Medical Microbiology.
|
| 650 |
2 |
4 |
|a Infectious Diseases.
|
| 650 |
2 |
4 |
|a Pediatrics.
|
| 650 |
2 |
4 |
|a Virology.
|
| 700 |
1 |
|
|a Green, Robin J.
|e editor.
|
| 710 |
2 |
|
|a SpringerLink (Online service)
|
| 773 |
0 |
|
|t Springer eBooks
|
| 776 |
0 |
8 |
|i Printed edition:
|z 9783319540320
|
| 856 |
4 |
0 |
|u http://dx.doi.org/10.1007/978-3-319-54033-7
|z Full Text via HEAL-Link
|
| 912 |
|
|
|a ZDB-2-SBL
|
| 950 |
|
|
|a Biomedical and Life Sciences (Springer-11642)
|